| 000 | 00864cab a2200181 4500 | ||
|---|---|---|---|
| 001 | ##L131390 | ||
| 008 | 050727n2005 000 0 eng u | ||
| 035 | _a(Sirsi) u131390 | ||
| 041 | 0 | _aeng | |
| 100 | 1 | _aReekie, Peter | |
| 245 | 0 | 0 | _aProperty: commercial |
| 260 | _c2005 | ||
| 490 | 0 |
_aEMIS Property Service _v3(10) October 2005, 6-10(5) |
|
| 520 | _aThe third article in a series examining the issues faced by landlords and tenants in connection with licences and consents to assign or sublet. This part considers tenants' breaches, user alterations as grounds for landlords' refusal together with the specific points to be borne in mind by a tenant when applying for consent. (See also L130838 and L131055). | ||
| 590 | _aIKA081105 | ||
| 690 | _aPROPERTY-COMMERCIAL PROPERTY-LEASEHOLD COMMERCIAL PROPERTY-COMMERCIAL LANDLORD AND TENANT | ||
| 942 | _n0 | ||
| 999 |
_c104738 _d104738 |
||